000 00362nam a2200133Ia 4500
008 240624s9999 xx 000 0 und d
041 _aeng
082 _a658.311 MCM
100 _aMCMAHON GERARD V
245 _aRECRUITMENT AND SELECTION HOW TO GET IT
260 _c2007
_aNew Delhi
_bPrentice-Hall of India
300 _aix, : 175 : p. : cm. ; 22
365 _cRS
999 _c13069
_d13069